[Event "BEL-ch op"]
[Site "Namur"]
[Date "2009.07.10"]
[Round "7"]
[White "Merovic, Ancion"]
[Black "Gorshkov, Leonid"]
[Result "0-1"]
[WhiteElo "1377"]
[BlackElo "2117"]
[PlyCount "70"]
[EventDate "2009.07.04"]
[EventType "swiss"]
[EventRounds "9"]
[EventCountry "BEL"]
[SourceTitle "EXT 2010"]
[Source "ChessBase"]
[SourceDate "2010.11.25"]
[SourceVersion "1"]
[SourceVersionDate "2010.11.25"]
[SourceQuality "1"]

1. d4 Nf6 2. Nf3 g6 3. e3 d6 4. b3 Bg7 5. Bb2 0-0 6. Nbd2 Nc6 7. a3 Re8 8. c4 e5 9. d5 Ne7 10. e4 h6 11. Bd3 Nh5 12. g3 Bh3 13. Bf1 Bd7 14. Qe2 c6 15. Bg2 c5 16. Nb1 Rf8 17. Nfd2 f5 18. Nc3 Nf6 19. 0-0 f4 20. Bc1 g5 21. Nf3 g4 22. Ne1 f3 23. Nxf3 gxf3 24. Bxf3 Bh3 25. Bg2 Bxg2 26. Kxg2 a6 27. b4 b6 28. b5 Ng6 29. bxa6 Rxa6 30. Nb5 Qd7 31. Bd2 Ne8 32. Rfb1 Qf7 33. Rb3 Kh7 34. Rab1 Bf6 35. Qh5 Nf4+ 0-1